Al márgen del discurso: la relación de la literatura con el lenguaje
Uloženo v:
| Hlavní autor: | |
|---|---|
| Médium: | Kniha |
| Jazyk: | španělština |
| Vydáno: |
Madrid
Visor
1993
|
| Edice: | Literatura y debate crítico, 14
|
| Témata: | |
| Tagy: |
Přidat tag
Žádné tagy, Buďte první, kdo vytvoří štítek k tomuto záznamu!
|
MARC
| LEADER | 00000nam a2200000 a 4500 | ||
|---|---|---|---|
| 001 | UCY1199 | ||
| 003 | CL-VaPUC | ||
| 008 | 940824e19930000SP |||||||||||||||||spa|d | ||
| 082 | 0 | 4 | |a 809.1 |b SMI |2 21 |
| 100 | 0 | |a Smith, Bárbara Herrnstein |e author |9 329118 | |
| 245 | 1 | 0 | |a Al márgen del discurso: la relación de la literatura con el lenguaje |
| 300 | |a 167 p | ||
| 942 | |c BK | ||
| 945 | |d 19940824 00:00:00 |a rbrito | ||
| 260 | |a Madrid |b Visor |c 1993 | ||
| 650 | 0 | |a Poesía |9 265825 | |
| 650 | 0 | |a Historia y crítica |9 257407 | |
| 650 | 0 | |a Crítica literaria |9 269189 | |
| 583 | |a last modification |c 19940824 00:00:00 |k Rodrigo Vera | ||
| 490 | 0 | |a Literatura y debate crítico, 14 | |
| 999 | |c 229975 |d 229973 | ||
| 952 | |0 0 |1 0 |4 0 |6 809_100000000000000_SMI_1993 |7 0 |8 A |9 231742 |a FDOPOS |b FDOPOS |d 2019-11-15 |i 3013219 |o 809.1 SMI 1993 |p 3013219 |r 2025-01-22 |w 2019-11-15 |y BK |k MLA | ||